El habla de Guanajuato /

Uloženo v:
Podrobná bibliografie
Hlavní autor: Boyd-Bowman, Peter (autor)
Médium: Kniha
Jazyk:španělština
Vydáno: México : UNAM, Centro de Estudios Literarios, 1960, c1960
Edice:(Centro de Estudios Literarios UNAM. Lingüística)
Témata:
Tagy: Přidat tag
Žádné tagy, Buďte první, kdo vytvoří štítek k tomuto záznamu!

MARC

LEADER 00000nam^a2200000^a^4500
001 000158156
005 20250521000000.0
009 20260310100603.39
037 |a Acervo ITESO - Biblioteca 
041 |a ESP 
082 |a 467. 972412  |b BOY 
100 |a Boyd-Bowman, Peter  |e (autor) 
245 1 3 |a El habla de Guanajuato /  |c P. Boyd-Bowman. 
264 4 |a México :  |b UNAM, Centro de Estudios Literarios,  |c 1960, c1960 
300 |a 411 p. 
336 |a texto  |b txt  |2 rdacontenido 
337 |a sin mediación  |b n  |2 rdamedio 
338 |a volumen  |b nc  |2 rdasoporte 
440 1 |a (Centro de Estudios Literarios UNAM.  |p Lingüística) 
649 |a XX 
650 |a Español en Guanajuato (Ciudad) -  |y Historia y Crítica 
650 |a Español en México -  |x Historia y Crítica 
650 |a Dialecto -  |z Guanajuato (Ciudad) 
650 |a Dialecto -  |z México 
650 |a Provincialismos -  |z Guanajuato (Ciudad) 
650 |a Provincialismos -  |z México 
650 |a Habla -  |z Guanajuato (Ciudad)  |x Historia y Crítica 
650 |a Habla -  |z México -  |x Historia y Crítica 
650 |a Lenguas Romances 
650 |a Lenguas Itálicas 
650 |a Lenguas Indo-Europeas 
650 |a Lenguaje y Lenguas 
650 |a Fonética 
650 |a Morfología 
650 |a Sustantivo 
650 |a Adjetivo 
650 |a Pronombre 
650 |a Conjugación Verbal 
650 |a Modo Verbal 
650 |a Verbo 
650 |a Adverbio 
650 |a Conjunción 
650 |a Gramática 
650 |a Sintaxis 
650 |a Lingüística 
910 |a Fondo Salvador Reynoso Reynoso 
920 |a Impresos - Libros 
930 |a Fondos Especiales 
905 |a 112 
901 |a 0800016423  |b IT2  |c ESP  |u 20250521 
902 |a https://opac.biblio.iteso.mx/vufind/Record/000158156